000 00551nam a22001931a 4500
001 7364
003 OSt
005 20260204212128.0
008 071023s2005||||ag ||||||b||||||||||spa||
020 _a9505075707
050 _a370.7 O9i
100 _aOrtiz de Maschwitz, Elena María
245 _aInteligencias múltiples en la persona / Elena María Ortiz de Maschwitz
264 _aArgentina : Bonum
300 _a317 p
500 _aIncluye indice y bibliografía
650 _aInteligencia - Educación 2.Formación DocenteÌ
942 _2ddc
_cBK
999 _c7364
_d7364